[Event "Arab-ch"]
[Site "Amman"]
[Date "2014.12.10"]
[Round "5"]
[White "Al Khattab, Ghassan M Ali Ajmed"]
[Black "Al Badani, Abdu"]
[Result "1-0"]
[WhiteElo "2124"]
[BlackElo "2191"]
[PlyCount "85"]
[EventDate "2014.12.07"]
[EventType "swiss"]
[EventRounds "9"]
[EventCountry "JOR"]
[SourceTitle "EXT 2016"]
[Source "ChessBase"]
[SourceDate "2015.10.08"]
[SourceVersion "1"]
[SourceVersionDate "2015.10.08"]
[SourceQuality "1"]

1. e4 e6 2. d4 d5 3. Nc3 Nf6 4. Bg5 dxe4 5. Nxe4 Nbd7 6. Nf3 Be7 7. Nxf6+ Nxf6 8. Bd3 Nd5 9. Bxe7 Qxe7 10. Qd2 Bd7 11. 0-0-0 0-0-0 12. Rhe1 Kb8 13. Ne5 Bc8 14. a3 f6 15. Nf3 g5 16. g3 h5 17. h4 gxh4 18. Nxh4 Qg7 19. c4 Ne7 20. Be4 e5 21. d5 Nc6 22. Kb1 Nd4 23. Nf3 Nxf3 24. Bxf3 h4 25. gxh4 Rxh4 26. Qc3 Qe7 27. c5 e4 28. Be2 f5 29. Rg1 Rh7 30. Rg6 f4 31. d6 Qe8 32. Rdg1 f3 33. Bc4 e3 34. Rf6 exf2 35. Rf1 cxd6 36. cxd6 Rh2 37. Bd5 Rd7 38. Bxf3 Rf7 39. Rc1 Rg7 40. Qc5 a6 41. d7 Qxd7 42. Rf8 Qc6 43. Bxc6 1-0

[Event "Arab-ch"]
[Site "Amman"]
[Date "2014.12.08"]
[Round "2"]
[White "Al Badani, Abdu"]
[Black "Al Huwar, Jasem"]
[Result "1/2-1/2"]
[WhiteElo "2191"]
[BlackElo "2256"]
[PlyCount "76"]
[EventDate "2014.12.07"]
[EventType "swiss"]
[EventRounds "9"]
[EventCountry "JOR"]
[SourceTitle "EXT 2016"]
[Source "ChessBase"]
[SourceDate "2015.10.08"]
[SourceVersion "1"]
[SourceVersionDate "2015.10.08"]
[SourceQuality "1"]

1. e4 g6 2. Nf3 Bg7 3. Bc4 d6 4. 0-0 c6 5. d4 Nf6 6. e5 Nd5 7. Nbd2 0-0 8. Ne4 Nb6 9. Bb3 d5 10. Ned2 a5 11. a3 Na6 12. c4 dxc4 13. Nxc4 Nxc4 14. Bxc4 Nc7 15. Re1 Be6 16. Bxe6 Nxe6 17. Qb3 Nxd4 18. Nxd4 Qxd4 19. Qxb7 Bxe5 20. Qxc6 Rfc8 21. Qf3 Bf6 22. Rb1 Rab8 23. b4 axb4 24. Bb2 Qb6 25. Red1 Qc6 26. Qxc6 Rxc6 27. Bxf6 Rxf6 28. Rxb4 Rc8 29. Rb2 Ra6 30. Ra2 Rc3 31. a4 Rc4 32. a5 Rc5 33. Rda1 Kf8 34. f4 h5 35. Kf2 e6 36. Kg3 Ke7 37. Kh4 Kf6 38. h3 Rb5 1/2-1/2

[Event "Olympiad-41"]
[Site "Tromsoe"]
[Date "2014.08.14"]
[Round "11.2"]
[White "Al Badani, Abdu"]
[Black "Ferreira, Jorge Viterbo"]
[Result "0-1"]
[WhiteElo "2180"]
[BlackElo "2413"]
[PlyCount "52"]
[EventDate "2014.08.02"]
[EventType "team-swiss"]
[EventRounds "11"]
[EventCountry "NOR"]
[SourceTitle "CBM 162"]
[Source "ChessBase"]
[SourceDate "2014.09.17"]
[SourceVersion "1"]
[SourceVersionDate "2014.09.17"]
[SourceQuality "1"]
[WhiteTeam "Yemen"]
[BlackTeam "Portugal"]
[WhiteTeamCountry "YEM"]
[BlackTeamCountry "POR"]

1. e4 g6 2. Bc4 Bg7 3. Nf3 e6 4. Nc3 Ne7 5. 0-0 d5 6. exd5 exd5 7. Bb3 0-0 8. d4 Nbc6 9. Bg5 h6 10. Bh4 g5 11. Bg3 Bg4 12. Nb5 a6 13. Na3 Nxd4 14. c3 Bxf3 15. gxf3 Nxb3 16. Qxb3 b5 17. Rad1 c6 18. Nc2 f5 19. f4 Ng6 20. Nb4 gxf4 21. Nxc6 Qf6 22. Rxd5 Kh8 23. Nd4 fxg3 24. fxg3 f4 25. gxf4 Nxf4 26. Kh1 Qg6 0-1

[Event "Olympiad-41"]
[Site "Tromsoe"]
[Date "2014.08.03"]
[Round "2.1"]
[White "Al Badani, Abdu"]
[Black "Cilia Vincenti, David"]
[Result "1/2-1/2"]
[WhiteElo "2180"]
[BlackElo "2154"]
[PlyCount "121"]
[EventDate "2014.08.02"]
[EventType "team-swiss"]
[EventRounds "11"]
[EventCountry "NOR"]
[SourceTitle "CBM 162"]
[Source "ChessBase"]
[SourceDate "2014.09.17"]
[SourceVersion "1"]
[SourceVersionDate "2014.09.17"]
[SourceQuality "1"]
[WhiteTeam "Yemen"]
[BlackTeam "Malta"]
[WhiteTeamCountry "YEM"]
[BlackTeamCountry "MLT"]

1. e4 c5 2. Nf3 e6 3. c3 d5 4. exd5 Qxd5 5. Na3 Nf6 6. Be2 Nc6 7. d4 cxd4 8. Nb5 Qd8 9. 0-0 a6 10. Nbxd4 Nxd4 11. Nxd4 Bd6 12. Bg5 Qc7 13. Re1 Bxh2+ 14. Kh1 Be5 15. Bf3 0-0 16. Qe2 Bf4 17. Bxf6 gxf6 18. g3 Bh6 19. Kg2 f5 20. Rh1 Bg7 21. Rh5 Bxd4 22. cxd4 f6 23. Qe3 Rf7 24. Rah1 Bd7 25. Qh6 Bc6 26. d5 Bxd5 27. Bxd5 exd5 28. Qg6+ Rg7 29. Qxf5 Qe5 30. Qxe5 fxe5 31. Rxe5 Rd8 32. Rd1 Rgd7 33. Rd4 Kf7 34. Rf4+ Kg6 35. Re6+ Kg7 36. Rd4 Rc8 37. Kf3 Rc2 38. Rg4+ Kf8 39. Rf4+ Kg7 40. Re5 Rf7 41. b4 Rxf4+ 42. gxf4 Rxa2 43. Re7+ Kg6 44. Rxb7 Ra3+ 45. Kg2 Rb3 46. Rd7 Rxb4 47. Kg3 d4 48. Rd6+ Kf5 49. Rxa6 Ke4 50. Re6+ Kd3 51. f5 Rb7 52. f6 Rf7 53. Kf4 Kc2 54. Rc6+ Kd2 55. Ke5 Ke2 56. Rc2+ Ke1 57. Kxd4 Rxf6 58. Ke3 Re6+ 59. Kf3 Rf6+ 60. Kg3 Rg6+ 61. Kh3 1/2-1/2

[Event "Olympiad-41"]
[Site "Tromsoe"]
[Date "2014.08.02"]
[Round "1.2"]
[White "Al Badani, Abdu"]
[Black "Hammer, Jon Ludvig"]
[Result "1/2-1/2"]
[WhiteElo "2180"]
[BlackElo "2628"]
[PlyCount "88"]
[EventDate "2014.08.02"]
[EventType "team-swiss"]
[EventRounds "11"]
[EventCountry "NOR"]
[SourceTitle "CBM 162"]
[Source "ChessBase"]
[SourceDate "2014.09.17"]
[SourceVersion "1"]
[SourceVersionDate "2014.09.17"]
[SourceQuality "1"]
[WhiteTeam "Yemen"]
[BlackTeam "Norway"]
[WhiteTeamCountry "YEM"]
[BlackTeamCountry "NOR"]

1. e4 c6 2. Nc3 d5 3. Nf3 Bg4 4. h3 Bxf3 5. Qxf3 e6 6. d4 Nf6 7. exd5 cxd5 8. Bf4 Nc6 9. 0-0-0 Rc8 10. g4 Bd6 11. Bxd6 Qxd6 12. g5 Nd7 13. Nb5 Qe7 14. Qg3 0-0 15. Nd6 Rcd8 16. h4 a6 17. Nxb7 Rb8 18. Qd6 Qxd6 19. Nxd6 Rb6 20. c4 Nb4 21. a3 Na2+ 22. Kc2 Rfb8 23. b4 Rxd6 24. c5 Rc6 25. Kb3 Nxb4 26. axb4 e5 27. Bh3 Nf8 28. Kc3 exd4+ 29. Kxd4 Ne6+ 30. Kxd5 Rcc8 31. Kc4 a5 32. Bxe6 Rxb4+ 33. Kd5 fxe6+ 34. Kxe6 Rc4 35. Rd5 R4xc5 36. Rxc5 Rxc5 37. Ra1 g6 38. Ra4 Rc6+ 39. Ke7 Ra6 40. f3 Ra7+ 41. Ke6 Kf8 42. f4 Ra6+ 43. Ke5 Ke7 44. f5 gxf5 1/2-1/2

[Event "Arab Clubs-chT"]
[Site "Marrakesh"]
[Date "2014.05.24"]
[Round "1"]
[White "Draoui, Najib"]
[Black "Al Badani, Abdu"]
[Result "1-0"]
[WhiteElo "2307"]
[BlackElo "2155"]
[PlyCount "51"]
[EventDate "2014.05.24"]
[EventType "team-swiss"]
[EventRounds "9"]
[EventCountry "MAR"]
[SourceTitle "EXT 2018"]
[Source "ChessBase"]
[SourceDate "2017.10.13"]
[SourceVersion "1"]
[SourceVersionDate "2017.10.13"]
[SourceQuality "1"]
[WhiteTeam "Foursane Ismalia"]
[BlackTeam "Mourawaa"]
[WhiteTeamCountry "MAR"]
[BlackTeamCountry "YEM"]

1. e4 e6 2. d4 d5 3. Nd2 Nc6 4. Ngf3 f5 5. exd5 exd5 6. Bb5 Qe7+ 7. Ne5 Bd7 8. Bxc6 Bxc6 9. 0-0 0-0-0 10. Nxc6 bxc6 11. Re1 Qf6 12. Nf3 h6 13. Bf4 Rh7 14. Be5 Qf7 15. Qd3 Kb7 16. Qb3+ Ka8 17. Qa4 Qd7 18. Re3 Rb8 19. Rae1 Ne7 20. Bg3 f4 21. Ne5 Qe6 22. Ra3 Rb7 23. Nd3 Qf6 24. Nc5 Nc8 25. Re8 Rb8 26. Rxc8 1-0

[Event "Dubai op 16th"]
[Site "Dubai"]
[Date "2014.04.15"]
[Round "9"]
[White "Boshra, Alshaeby"]
[Black "Al Badani, Abdu"]
[Result "1-0"]
[WhiteElo "1925"]
[BlackElo "2175"]
[PlyCount "77"]
[EventDate "2014.04.07"]
[EventType "swiss"]
[EventRounds "9"]
[EventCountry "UAE"]
[SourceTitle "CBM 159 Extra"]
[Source "ChessBase"]
[SourceDate "2014.04.24"]
[SourceVersion "1"]
[SourceVersionDate "2014.04.24"]
[SourceQuality "1"]

1. d4 Nf6 2. c4 g6 3. Nc3 d5 4. cxd5 Nxd5 5. e4 Nxc3 6. bxc3 Bg7 7. Bc4 c5 8. Ne2 0-0 9. 0-0 Nc6 10. Be3 Qa5 11. Rc1 b6 12. f4 cxd4 13. cxd4 Bg4 14. d5 Qa3 15. Qd2 Na5 16. h3 Bd7 17. Bd3 Rac8 18. Bd4 Bxd4+ 19. Nxd4 Rc5 20. Nf3 Rfc8 21. Rxc5 Qxc5+ 22. Kh1 Nc4 23. Bxc4 Qxc4 24. Re1 Qa4 25. f5 Kg7 26. Qg5 Qb4 27. fxg6 hxg6 28. Re3 Rc1+ 29. Kh2 Rc2 30. e5 Qb2 31. Nh4 Qxa2 32. Qxe7 Qxd5 33. Qf6+ Kg8 34. Rg3 Rc6 35. Qd8+ Kh7 36. Nf3 Be6 37. Qf8 g5 38. Rxg5 f6 39. Qg7# 1-0

[Event "Dubai op 16th"]
[Site "Dubai"]
[Date "2014.04.14"]
[Round "8"]
[White "Al Badani, Abdu"]
[Black "Nezad, Husein Aziz"]
[Result "0-1"]
[WhiteElo "2175"]
[BlackElo "2366"]
[PlyCount "120"]
[EventDate "2014.04.07"]
[EventType "swiss"]
[EventRounds "9"]
[EventCountry "UAE"]
[SourceTitle "CBM 159 Extra"]
[Source "ChessBase"]
[SourceDate "2014.04.24"]
[SourceVersion "1"]
[SourceVersionDate "2014.04.24"]
[SourceQuality "1"]

1. e4 e5 2. Nf3 Nc6 3. Bc4 Nf6 4. 0-0 Nxe4 5. Nc3 Nd6 6. Bb3 Be7 7. Re1 e4 8. Nxe4 Nxe4 9. Rxe4 d5 10. Re1 0-0 11. c3 d4 12. Nxd4 Nxd4 13. cxd4 Bf6 14. d5 b5 15. d3 Bb7 16. Qf3 a5 17. a4 b4 18. Rb1 Qd7 19. Bf4 Rad8 20. Rec1 Bxd5 21. Bxd5 Qxd5 22. Bxc7 Qxf3 23. gxf3 Rd5 24. Rc4 h6 25. b3 Bd8 26. Rd1 Bxc7 27. Rxc7 Rfd8 28. Ra7 Rc8 29. Re1 Rxd3 30. Kg2 Rd5 31. h4 g6 32. Ree7 Rf5 33. Rec7 Rd8 34. Rd7 Rc8 35. Rdc7 Rxc7 36. Rxc7 Rd5 37. Ra7 Kg7 38. Kg3 Kf6 39. Kf4 g5+ 40. hxg5+ Rxg5 41. Ra6+ Kg7 42. Rb6 Rc5 43. Rb5 Rxb5 44. axb5 a4 45. b6 axb3 46. b7 b2 47. b8Q b1Q 48. Ke3 b3 49. Qe5+ Kh7 50. Qd5 Qe1+ 51. Kf4 Qc1+ 52. Ke4 Qe1+ 53. Kf4 Qe6 54. Qb7 Qf6+ 55. Ke3 b2 56. Kd2 Qf4+ 57. Ke2 Qc4+ 58. Kd2 Qc1+ 59. Ke2 Qc2+ 60. Ke3 Kg7 0-1

[Event "Dubai op 16th"]
[Site "Dubai"]
[Date "2014.04.07"]
[Round "1"]
[White "Al Badani, Abdu"]
[Black "Lupulescu, Constantin"]
[Result "0-1"]
[WhiteElo "2175"]
[BlackElo "2660"]
[PlyCount "94"]
[EventDate "2014.04.07"]
[EventType "swiss"]
[EventRounds "9"]
[EventCountry "UAE"]
[SourceTitle "CBM 159 Extra"]
[Source "ChessBase"]
[SourceDate "2014.04.24"]
[SourceVersion "1"]
[SourceVersionDate "2014.04.24"]
[SourceQuality "1"]

1. e4 c6 2. Nc3 d5 3. Nf3 Nf6 4. e5 Ne4 5. d3 Nxc3 6. bxc3 c5 7. d4 e6 8. Bd3 c4 9. Be2 Be7 10. 0-0 Nc6 11. Ne1 Qa5 12. Bd2 Bd7 13. f4 0-0-0 14. a4 Kb8 15. Nf3 f6 16. Qe1 Qc7 17. Qg3 Rdg8 18. Kh1 Ka8 19. Rfe1 h6 20. Bf1 f5 21. Qg6 Nd8 22. Bc1 Be8 23. Qg3 g5 24. Qf2 gxf4 25. Bxf4 Nf7 26. h4 Ng5 27. Nd2 Ne4 28. Nxe4 fxe4 29. g3 Bh5 30. a5 a6 31. Bh3 Qd7 32. Kh2 Bg4 33. Rf1 Bd8 34. Bd2 Bf3 35. Bf4 h5 36. Qe3 Bg4 37. Bg2 Qg7 38. Rab1 Bf5 39. Rb2 Rh7 40. Rf2 Bxa5 41. Ra2 Bd8 42. Qc1 Qc7 43. Rf1 Rhg7 44. Bh1 Rg4 45. Qa1 Ka7 46. Qe1 Qg7 47. Ra1 Bxh4 0-1

[Event "Asia Clubs 1st"]
[Site "Al Ain"]
[Date "2008.12.27"]
[Round "3"]
[White "Al Badani, Abdu"]
[Black "Amin, Bassem"]
[Result "0-1"]
[WhiteElo "2251"]
[BlackElo "2560"]
[PlyCount "60"]
[EventDate "2008.12.25"]
[EventType "team"]
[EventRounds "7"]
[EventCountry "UAE"]
[SourceTitle "CBM 127 Extra"]
[Source "ChessBase"]
[SourceDate "2009.01.08"]
[SourceVersion "2"]
[SourceVersionDate "2009.01.28"]
[SourceQuality "1"]

1. e4 e5 2. Bc4 Nc6 3. Nf3 Bc5 4. 0-0 Nf6 5. d3 0-0 6. Be3 Bb6 7. Nc3 d6 8. Bxb6 axb6 9. a3 Bg4 10. h3 Bh5 11. Nd5 Kh8 12. Ne3 Nd7 13. g4 Bg6 14. Nf5 Nc5 15. Qd2 Ne6 16. Kh2 Nf4 17. Rg1 f6 18. d4 Qe8 19. Rg3 Bxf5 20. gxf5 Qh5 21. Rag1 Ra4 22. dxe5 fxe5 23. f6 g6 24. b3 Rxa3 25. f7 Raa8 26. b4 Nd8 27. Ng5 h6 28. Ne6 Ndxe6 29. Bxe6 Nxe6 30. Rxg6 Nf4 0-1

[Event "Amman tt"]
[Site "Amman"]
[Date "2008.06.28"]
[Round "8"]
[White "Al Badani, Abdu"]
[Black "Mohannad, Farhan"]
[Result "1-0"]
[WhiteElo "2192"]
[BlackElo "2285"]
[PlyCount "56"]
[EventDate "2008.06.21"]
[EventType "team"]
[EventRounds "8"]
[EventCountry "JOR"]
[SourceTitle "CBM 125 Extra"]
[Source "ChessBase"]
[SourceDate "2008.09.01"]
[SourceVersion "1"]
[SourceVersionDate "2008.09.01"]
[SourceQuality "1"]

1. e4 c5 2. Nf3 Nc6 3. d4 cxd4 4. c3 d3 5. Bxd3 g6 6. b4 a6 7. Qb3 Bg7 8. Bc4 e6 9. Bg5 Qc7 10. 0-0 d6 11. Nbd2 Nf6 12. Rfd1 0-0 13. Rac1 h6 14. Bf4 b5 15. Bf1 e5 16. Bg3 Be6 17. c4 Qb7 18. a3 Rfd8 19. Qb1 Nh5 20. Nb3 f5 21. exf5 gxf5 22. Na5 Nxa5 23. bxa5 Nxg3 24. hxg3 Rab8 25. cxb5 axb5 26. Rc2 Qa6 27. Qb4 d5 28. Rc6 Bf7 1-0

[Event "Amman tt"]
[Site "Amman"]
[Date "2008.06.27"]
[Round "7"]
[White "Al Badani, Abdu"]
[Black "Mohammed, Zozek Salah Mohamme"]
[Result "0-1"]
[WhiteElo "2192"]
[BlackElo "2225"]
[PlyCount "94"]
[EventDate "2008.06.21"]
[EventType "team"]
[EventRounds "8"]
[EventCountry "JOR"]
[SourceTitle "CBM 125 Extra"]
[Source "ChessBase"]
[SourceDate "2008.09.01"]
[SourceVersion "1"]
[SourceVersionDate "2008.09.01"]
[SourceQuality "1"]

1. e4 c5 2. Nf3 a6 3. d4 cxd4 4. c3 dxc3 5. Nxc3 e6 6. Bc4 Ne7 7. Bg5 Qc7 8. Qe2 h6 9. Bh4 Ng6 10. Bg3 Qa5 11. 0-0 Be7 12. e5 Nc6 13. h3 Qc7 14. Bd3 0-0 15. Rfd1 b5 16. Rac1 Rb8 17. Qc2 b4 18. Nd5 exd5 19. Bxg6 fxg6 20. e6 Qb6 21. Bxb8 Nxb8 22. Ne5 b3 23. Qxc8 Rxc8 24. Rxc8+ Kh7 25. exd7 Nxd7 26. Nxd7 Qb7 27. Nf8+ Bxf8 28. Rxf8 Qe7 29. Rc8 Qe2 30. Rb1 d4 31. Rcc1 d3 32. Re1 Qc2 33. h4 d2 34. Rf1 Kg8 35. f3 Kf7 36. Rfd1 a5 37. Kf2 Qd3 38. Rf1 a4 39. Rbd1 Qd4+ 40. Ke2 Qxb2 41. Rxd2 Qa3 42. Rd7+ Ke6 43. Rfd1 Qb4 44. Rxg7 b2 45. Rxg6+ Kf7 46. Rg4 b1Q 47. Rxb1 Qxb1 0-1

[Event "Amman tt"]
[Site "Amman"]
[Date "2008.06.22"]
[Round "2"]
[White "Al Badani, Abdu"]
[Black "Mahdia, Farage"]
[Result "1-0"]
[WhiteElo "2192"]
[BlackElo "2154"]
[PlyCount "65"]
[EventDate "2008.06.21"]
[EventType "team"]
[EventRounds "8"]
[EventCountry "JOR"]
[SourceTitle "CBM 125 Extra"]
[Source "ChessBase"]
[SourceDate "2008.09.01"]
[SourceVersion "1"]
[SourceVersionDate "2008.09.01"]
[SourceQuality "1"]

1. e4 e6 2. d4 d5 3. Nd2 Nf6 4. e5 Nfd7 5. c3 c5 6. Bd3 Nc6 7. Ne2 Qb6 8. 0-0 cxd4 9. cxd4 Nxd4 10. Nxd4 Qxd4 11. Nf3 Qb6 12. Qa4 Be7 13. Qg4 g6 14. Bh6 Qxb2 15. Rfe1 Qb4 16. Qh3 Bf8 17. Rab1 Qe7 18. Bg5 Qa3 19. Rb3 Qa5 20. Bxg6 Nc5 21. Bxf7+ Kxf7 22. Bf6 Nxb3 23. Bxh8 Kg8 24. Bf6 Qc7 25. axb3 h6 26. Qg3+ Kh7 27. Qh3 Kg8 28. Nd4 Qf7 29. Re3 Kh7 30. Rg3 Qc7 31. Rc3 Qf7 32. Qe3 Kg8 33. Qe2 1-0

[Event "Arab Cities-chT 5th"]
[Site "Beirut"]
[Date "2007.04.08"]
[Round "1"]
[White "Salem, Ali Maoloud"]
[Black "Al Badani, Abdu"]
[Result "0-1"]
[WhiteElo "2214"]
[BlackElo "2235"]
[PlyCount "70"]
[EventDate "2007.04.08"]
[EventType "team"]
[EventRounds "9"]
[EventCountry "LBN"]
[SourceTitle "CBM 117 Extra"]
[Source "ChessBase"]
[SourceDate "2007.05.09"]
[SourceVersion "1"]
[SourceVersionDate "2007.05.09"]
[SourceQuality "1"]

1. e4 e5 2. Nf3 Nc6 3. Bc4 Bc5 4. 0-0 d6 5. b4 Bxb4 6. c3 Ba5 7. d4 Nf6 8. Qa4 Nd7 9. d5 Nb6 10. Qb3 Ne7 11. Nxe5 dxe5 12. d6 0-0 13. dxe7 Qxe7 14. Ba3 c5 15. Bd5 Nxd5 16. Qxd5 Bb6 17. Qd3 Rd8 18. Qg3 Rd6 19. c4 f5 20. exf5 Bxf5 21. Nc3 Rd3 22. Nd5 Qe6 23. Qg5 Bd8 24. Qc1 Qg6 25. f3 Bg5 26. f4 exf4 27. Nxf4 Qd6 28. Bb2 Re8 29. Rf2 Re4 30. g3 Bh3 31. a4 Bxf4 32. gxf4 Qg6+ 33. Kh1 Ree3 34. Qc2 Bf5 35. Be5 Ra3 0-1

[Event "Olympiad-37"]
[Site "Turin"]
[Date "2006.06.02"]
[Round "11"]
[White "Al Badani, Abdu"]
[Black "Corbin, Philip"]
[Result "1-0"]
[WhiteElo "2164"]
[BlackElo "2212"]
[PlyCount "133"]
[EventDate "2006.05.21"]
[EventType "team-swiss"]
[EventRounds "13"]
[EventCountry "ITA"]
[SourceTitle "CBM 113"]
[Source "ChessBase"]
[SourceDate "2006.07.31"]
[SourceVersion "1"]
[SourceVersionDate "2006.07.31"]
[SourceQuality "1"]
[WhiteTeam "Yemen"]
[BlackTeam "Barbados"]
[WhiteTeamCountry "YEM"]
[BlackTeamCountry "BAR"]

1. e4 e5 2. Nf3 d5 3. d4 dxe4 4. Nxe5 Bd6 5. Bf4 Nf6 6. Bc4 Bxe5 7. Bxe5 Nc6 8. Nc3 Bf5 9. 0-0 Qe7 10. Bb5 0-0 11. Bxf6 Qxf6 12. Nd5 Qd6 13. Bxc6 bxc6 14. Ne3 Be6 15. c3 Rad8 16. b4 f5 17. f4 exf3 18. Qxf3 f4 19. Ng4 Bd5 20. Qd3 Qe6 21. Ne5 Bxg2 22. Kxg2 Qxe5 23. Qxh7+ Kxh7 24. dxe5 g5 25. Rad1 Kg6 26. Rd4 Kf5 27. Rc4 Rd2+ 28. Rf2 f3+ 29. Kg3 Rxf2 30. Kxf2 Kxe5 31. Rxc6 Rf7 32. Rc5+ Kf4 33. Rc4+ Ke5 34. h4 gxh4 35. Rxh4 Rf4 36. Rh5+ Ke4 37. Rh7 c5 38. Rxa7 cxb4 39. Ra4 Kd3 40. cxb4 Kc3 41. a3 Kb3 42. Ra5 Kc4 43. b5 Kc5 44. a4 Rf6 45. Ra8 Rf7 46. Ra6 Rf8 47. b6 Kc6 48. a5 Kb7 49. Ra7+ Kb8 50. Re7 Rf6 51. Re3 Rc6 52. Kxf3 Kb7 53. Re7+ Kb8 54. Ke4 Rd6 55. Ke5 Rh6 56. Kd5 Rh5+ 57. Kc6 Rh6+ 58. Kb5 Rh5+ 59. Ka6 Rh8 60. Rb7+ Ka8 61. Rc7 Kb8 62. Rc5 Rh6 63. Rd5 Rh8 64. Kb5 Kb7 65. a6+ Ka8 66. a7 Rc8 67. Ka6 1-0

[Event "Arab-chT Clubs"]
[Site "Amman"]
[Date "2006.05.??"]
[Round "2"]
[White "Al Badani, Abdu"]
[Black "Battikhi, Husein"]
[Result "1/2-1/2"]
[WhiteElo "2164"]
[BlackElo "2216"]
[PlyCount "25"]
[EventDate "2006.05.??"]
[EventType "team"]
[EventRounds "8"]
[EventCountry "JOR"]
[SourceTitle "CBM 112 Extra"]
[Source "ChessBase"]
[SourceDate "2006.07.14"]
[SourceVersion "1"]
[SourceVersionDate "2006.07.14"]
[SourceQuality "1"]

1. e4 g6 2. d4 Bg7 3. Nf3 d6 4. Be2 Nf6 5. Nc3 0-0 6. 0-0 c6 7. Re1 Qc7 8. h3 e5 9. Bf1 Nbd7 10. a4 Re8 11. Be3 Nf8 12. Qd2 Ne6 13. b4 1/2-1/2

[Event "Asia Cities-ch 13th"]
[Site "Aden"]
[Date "2002.02.13"]
[Round "9"]
[White "Al Badani, Abdu"]
[Black "Egorov, Evgeni"]
[Result "0-1"]
[WhiteElo "2069"]
[BlackElo "2418"]
[PlyCount "132"]
[EventDate "2002.02.07"]
[EventType "team-swiss"]
[EventRounds "9"]
[EventCountry "YEM"]
[SourceTitle "EXT 2020"]
[Source "ChessBase"]
[SourceDate "2019.10.17"]
[SourceVersion "1"]
[SourceVersionDate "2019.10.17"]
[SourceQuality "1"]
[WhiteTeam "Sanaa"]
[BlackTeam "Pavlodar"]
[WhiteTeamCountry "YEM"]
[BlackTeamCountry "KAZ"]

1. e4 c5 2. Nf3 Nc6 3. d4 cxd4 4. Nxd4 g6 5. Be2 Bg7 6. Be3 Nf6 7. Nc3 0-0 8. 0-0 d5 9. exd5 Nxd5 10. Nxd5 Qxd5 11. Bf3 Qc4 12. c3 Nxd4 13. cxd4 Rd8 14. b3 Qa6 15. Qe1 Be6 16. Qb4 Rd7 17. Rfd1 Rad8 18. Rd2 Qb6 19. Qxb6 axb6 20. Rad1 Bd5 21. Be2 Rc7 22. h3 Ra8 23. Bf1 Rc3 24. Bf4 h5 25. Re2 Bf6 26. Be5 Bg5 27. f3 Rac8 28. Bg3 e6 29. Bf2 Rc2 30. Rde1 Bd2 31. Ra1 R8c6 32. Be1 Bg5 33. Bf2 Kf8 34. Rxc2 Rxc2 35. Bd3 Rb2 36. Bc4 Bf6 37. Be3 Bxc4 38. bxc4 Re2 39. Bh6+ Ke7 40. Rd1 Rxa2 41. d5 Rc2 42. dxe6 fxe6 43. Be3 Rxc4 44. Bxb6 Be5 45. g4 Rc6 46. Bd8+ Ke8 47. Bg5 Rd6 48. Rxd6 Bxd6 49. Kf2 Kd7 50. Ke3 b5 51. Ke4 Kc6 52. f4 b4 53. f5 gxf5+ 54. gxf5 exf5+ 55. Kxf5 Kd5 56. Bf6 Bc5 57. Kg5 Bd4 58. Be7 b3 59. Ba3 Kc4 60. Kxh5 Kc3 61. Kg5 Bc5 62. Bxc5 b2 63. Be7 b1Q 64. Bf6+ Kc4 65. h4 Kd5 66. h5 Ke6 0-1